000
00313nam a2200133Ia 4500
008
190216s9999||||xx |||||||||||||| ||und||
100
_a
David D Nesbitt
245
0
_a
Fox Pro 2.5 For Dos At A Glance
250
_a
1st Ed.
260
_b
Bpb Publications
_c
1994
300
_a
111
650
_a
Computer
942
_c
BK
999
_c
8613
_d
8613